000
00298nam a22001337a 4500
008
210505b ||||| |||| 00| 0 eng d
041
_a
eng
080
_a
615.83
082
_a
615.83
100
_a
8
101
_a
EGZ
245
_a
Universiteti Sportiv i Tiranes 1958-2018
_c
UST
942
_2
udc
_c
BK
999
_c
57073
_d
57073